000 00675 a2200181 4500
003 Nust
005 20221229142804.0
040 _cNust
082 _a621.388,TEL
100 _aFink Donald G
_941620
245 _aTelevision Engineering Handbook /
_cFink Donald G
260 _aNew York
_bMcGraw Hill
_c1957
300 _avarious paging
505 _aIntroduction (Page 1-2), Radio Frequency Data (Page 1-2), Video Frequency (Page 1-8), Numerical Constants Of Vision (Page 1-23), Definitions Of Terms (Page 1-35), Bibliography Of Physical And Mathematical Data (Page 1-65).
600 _aDonald G Fink
_9106384
650 _aEngineering Handbook
_9106385
942 _2ddc
_cBK
999 _c183323
_d183323